Program koncertu bratislavských umelcov, ktorý usporiada Okr. smiešané živnostenské spoločenstvo v Lučenci dňa 24. marca 1946 o 20:00 hodine v sieni Mestského domu pri príležitosti svojho I. valného shromaždenia v oslobodenej vlasti

Bibliographic Details
Format: Book
Language:Slovak
PhysicalDescription:4 nečíslované strany 21 cm
Published: Lučenec Okr. smiešané živnostenské spoločenstvo 1946
Subjects:

MARC

LEADER 00000nam a2200000 4500
001 vtls011773532
003 SK-MaSNL
005 20260302054637.0
008 200104s1946 xo g 000 0 slo
015 |a SNBA1946 
020 |q (brožované) 
035 |a urn:nbn:sk:snk-am00d19k 
035 |a urn:nbn:sk:snk-am3hi92 
035 |a 5D72E248-DE48-495E-B4DB-AF9E886A9034 
040 |a SNK  |b slo  |c SNK  |e rda 
041 0 |a slo 
043 |a e-xo--- 
044 |a xo  |c SK 
072 7 |a 78  |x Hudba  |2 konspekt 
080 |a 78.082.4  |2 2011 
080 |a (083.97)  |2 2011 
080 |a (437.642)  |2 2011 
245 0 0 |a Program  |b koncertu bratislavských umelcov, ktorý usporiada Okr. smiešané živnostenské spoločenstvo v Lučenci dňa 24. marca 1946 o 20:00 hodine v sieni Mestského domu pri príležitosti svojho I. valného shromaždenia v oslobodenej vlasti 
264 1 |a Lučenec  |b Okr. smiešané živnostenské spoločenstvo  |c 1946 
300 |a 4 nečíslované strany  |c 21 cm 
336 |a text  |b txt  |2 rdacontent 
337 |a bez média  |b n  |2 rdamedia 
338 |a zväzok  |b nc  |2 rdacarrier 
650 0 7 |a koncerty  |2 SNKPH  |9 19182 
650 0 7 |a Concerts  |2 SNKPHeng  |9 275445 
651 7 |a Lučenec (Slovensko)  |2 SNKPHgeo  |9 29545 
651 7 |a Lučenec (Slovakia)  |2 SNKPHeng  |9 170665 
655 7 |a programy  |2 SNKPH  |9 70598 
655 7 |a Programs  |2 SNKPHeng  |9 330885 
958 |a SK 
958 |a ONDV 
999 |c 1114143  |d 1116073 
952 |a SNK  |b SNK  |y PREZ  |7 0  |p 17A0755683  |o snkSC 3313/13  |i snk1170/46  |0 0  |1 0  |4 0  |d 2018-08-20  |f 1  |l 0  |r 2025-06-25 00:00:00  |w 2026-02-24